000 00474nam a22001577a 4500
003 OSt
005 20240628062612.0
008 240628b |||||||| |||| 00| 0 eng d
020 _a0060173750
040 _aDWC- Main Lib
_cOC
082 _aCirc. 641.5123 S345e 1996
245 _aCooking with three ingredients :
_bflavorful food easy as 1,2,3.
260 _aNY :
_bHarper Collins Books,
_cc1996.
300 _ax, 217 pages :
_billustrations ;
_c18 cm.
942 _2ddc
_cBK-CIRC
_n1
999 _c1596
_d1596